Métodos de investigación. (Registro nro. 2175)

Detalles MARC
000 -LEADER
fixed length control field 00927nam a2200241 a 4500
005 - FECHA ULTIMA MODIFICACION
control field 20240506132941.0
008 - CAMPO DE CONTROL (LIBRO)
fixed length control field 100322t1999||||mx |||f |||| 001 0 spa d
020 ## - INTERNATIONAL STANDARD BOOK NUMBER
ISBN 9701007255
041 ## - CODIGO DE IDIOMA
Código de idioma del texto/pista de sonido o título separado spa
092 ## - SIGNATURA TOPOGRAFICA DEWEY LOCAL
número de clasificación 001.4
libristica 10
sección CAS
100 1# - ENTRADA PRINCIPAL--NOMBRE PERSONAL
Nombre personal Castañeda Jiménez, Juan
9 (RLIN) 3752
245 ## - TITULO PROPIAMENTE DICHO
Título Métodos de investigación.
Subtítulo y Título paralelo T.1 /
Mención de responsabilidad y remanente de la transcripción de la portada Juan Castañeda Jiménez
250 ## - MENCION DE EDICION
Mención de edición 1a ed.
Mención de responsabilidad relacionada con la ed. Revisión técnica Juan Carlos Gómez Flores
260 ## - PIE DE IMPRENTA
Lugar de publicación, distribución, etc México:
Nombre de la editorial, distribuidor, etc McGraw-Hill Interamericana de México;
Fecha de publicación 1999.
300 ## - DESCRIPCION FISICA
Extension 149 p.
500 ## - NOTA GENERAL
Nota general Castañeda Giménez, J. (1995). Métodos de investigación. T.1 (1a ed.). México : McGrw-Hill.
653 #3 - TÉRMINO INDIZADO - PALABRAS CLAVES
Palabra clave El proceso del conocimiento
653 #3 - TÉRMINO INDIZADO - PALABRAS CLAVES
Palabra clave El concepto de universo en la construcción de la ciencia
653 #3 - TÉRMINO INDIZADO - PALABRAS CLAVES
Palabra clave La ciencia y su método
653 ## - TÉRMINO INDIZADO - PALABRAS CLAVES
Palabra clave Estrategia de investigación
653 ## - TÉRMINO INDIZADO - PALABRAS CLAVES
Palabra clave Apéndice: Locuciones latinas de uso común en citas bibliográficas
942 ## - ADDED ENTRY ELEMENTS (KOHA)
Source of classification or shelving scheme Dewey Decimal Classification
Item type Libros
Existencias
Estado de retiro Existencia Fuente de clasificación Estado general No para prestamo Ubicación permanente ubicación actual Sala de ubicación Fecha de adquisición Fuente de adquisición Total Checkouts Número de clasificación Código de barras Date last seen Número de ejemplar Price effective from Koha tipo de elemento (item) Public note
    Dewey Decimal Classification     Biblioteca Medicina Biblioteca Medicina Circulación 01/07/2015 Donación Manuel Ciruzzi, Junio 2015   001.4 10 CAS 3499 01/07/2015 Ej.1 01/07/2015 Libros Donación Manuel Ciruzzi, Junio 2015

UNIVERSIDAD NACIONAL DEL COMAHUE
Biblioteca de la Facultad de Ciencias Médicas
Sede Toschi: Los Arrayanes y Av. Toschi, Cipolletti  - Rio Negro
Sede Los Tordos:  Yrigoyen al 2211, Cipolletti - Rio Negro 

Teléfono: 0299 - 4774707 int 25
Contacto: biblioteca@facimed.uncoma.edu.ar
© 2011 - 2026